<?xml version="1.0" encoding="UTF-8"?>
<marc:record xmlns:marc="http://www.loc.gov/MARC21/slim">
   <marc:leader>00000nam a2200000 a 4500</marc:leader>
   <marc:datafield ind1=" " ind2=" " tag="653">
      <marc:subfield code="a">Märchen</marc:subfield>
   </marc:datafield>
   <marc:datafield ind1="0" ind2="0" tag="245">
      <marc:subfield code="a">Der Eisbärkönig</marc:subfield>
   </marc:datafield>
   <marc:datafield ind1=" " ind2="1" tag="264">
      <marc:subfield code="a">Ismaning</marc:subfield>
      <marc:subfield code="b">EuroVideo</marc:subfield>
      <marc:subfield code="c">1991</marc:subfield>
   </marc:datafield>
   <marc:datafield ind1="1" ind2=" " tag="520">
      <marc:subfield code="a">Im Winterland, wo ewiger Schnee liegt, herrscht ein gutmütiger König. Sogar die Wölfe und Vögel folgen willig seinem Rat. Die Wege sind sorgsam von Fackeln erleuchtet. Der Handel blüht. Der König hat drei schöne Töchter, die Jüngste jedoch strahlt vor Schönheit. Während die beiden älteren Töchter mit leiser Eifersucht die schöne Jüngste betrachten, träumt diese von einem blühenden Land und von der Ferne. Sie fragt sich, ob sie, die Prinzessin im Schneeland einen Menschen findet, mit dem sie ihre Träume von Grün und Blüten teilen kann.</marc:subfield>
   </marc:datafield>
   <marc:datafield ind1=" " ind2=" " tag="041">
      <marc:subfield code="a">ger</marc:subfield>
   </marc:datafield>
</marc:record>
